Acercamiento a la actualidad de Max Weber (Record no. 161392)
[ view plain ]
| 000 -CABECERA | |
|---|---|
| campo de control de longitud fija | 00575nab a2200205 a 4500 |
| 005 - FECHA Y HORA DE LA ÚLTIMA TRANSACCIÓN | |
| campo de control | 20210219161645.0 |
| 008 - ELEMENTOS DE LONGITUD FIJA--INFORMACIÓN GENERAL | |
| campo de control de longitud fija | 991125s1985 mx 000 0 spa u |
| 035 ## - NÚMERO DE CONTROL DEL SISTEMA | |
| Número de control de sistema | UPN01000189289 |
| 100 1# - ASIENTO PRINCIPAL--NOMBRE PERSONAL | |
| Nombre de persona | Ortiz Cárdenas, Javier E |
| 222 ## - TÍTULO CLAVE | |
| Título clave | REENCUENTRO : |
| 222 ## - TÍTULO CLAVE | |
| Información calificativa | ANALISIS DE PROBLEMAS UNIVERSITARIOS |
| 245 ## - MENCIÓN DE TÍTULO | |
| Título | Acercamiento a la actualidad de Max Weber |
| 260 ## - PUBLICACIÓN, DISTRIBUCIÓN, ETC. | |
| Lugar de publicación, distribución, etc. | México |
| 300 ## - DESCRIPCIÓN FÍSICA | |
| Extensión | 21-26 |
| 362 0# - FECHAS DE PUBLICACIÓN Y/O DESIGNACIÓN SECUENCIAL | |
| Fecha de publicación y/o designación secuencial | 2012 Año 23, no. 64, ago. |
| 653 0# - TERMINO DE INDIZACION - NO CONTROLADO | |
| Término no controlado | WEBER, MAX, 1864-1920 |
| 653 0# - TERMINO DE INDIZACION - NO CONTROLADO | |
| Término no controlado | RACIONALIDAD |
| 653 0# - TERMINO DE INDIZACION - NO CONTROLADO | |
| Término no controlado | INSTITUCIONES EDUCATIVAS |
| 905 ## - TIPO DE MATERIAL | |
| Tipo de material | Articulo |
No items available.
